| 000 | 00433nam a22001697a 4500 | ||
|---|---|---|---|
| 003 | UA-OsUOA | ||
| 001 | 6075 | ||
| 007 | ta | ||
| 008 | 20050721b un ||||| |||| 00| 0 ukr d | ||
| 100 | _aПарило | ||
| 700 | _aО. М. | ||
| 942 | _cBK | ||
| 040 |
_aUA-OsUOA _cUA-OsUOA _dUA-OsUOA |
||
| 245 |
_aСимволічне значення чисел у складі англ. фразеол.. _bBA Paper |
||
| 955 | _a2 | ||
| 650 | 7 | _2UDC | |
| 999 |
_c292237 _d292237 |
||